LEADER 02310nam 2200601 450 001 9910452390203321 005 20200520144314.0 010 $a1-4166-1723-X 035 $a(CKB)2550000001114397 035 $a(EBL)1388954 035 $a(SSID)ssj0000984385 035 $a(PQKBManifestationID)11563401 035 $a(PQKBTitleCode)TC0000984385 035 $a(PQKBWorkID)11012947 035 $a(PQKB)11159350 035 $a(MiAaPQ)EBC1388954 035 $a(Au-PeEL)EBL1388954 035 $a(CaPaEBR)ebr10754399 035 $a(CaONFJC)MIL514249 035 $a(OCoLC)857467747 035 $a(EXLCZ)992550000001114397 100 $a20130531h20132013 uy| 0 101 0 $aeng 135 $aur|n|---||||| 181 $ctxt 182 $cc 183 $acr 200 10$aEngaging students with poverty in mind $epractical strategies for raising achievement /$fEric Jensen 210 1$aAlexandria, Virginia :$cASCD,$d[2013] 210 4$dİ2013 215 $a1 online resource (212 p.) 300 $aDescription based upon print version of record. 311 $a1-4166-1572-5 311 $a1-299-82998-8 320 $aIncludes bibliographical references and index. 327 $aThe seven engagement factors -- The rules for engagement -- Engage for positive climate -- Engage to build cognitive capacity -- Engage for motivation and effort -- Engage for deep understanding -- Engage for energy and focus -- How to automate engagement -- "Now what?" meeting the challenge of implementation. 330 $aDrawing from research, experience, and real school success stories, this galvanizing book explores engagement as the key factor in the academic success of economically disadvantaged students. 606 $aPoor children$xEducation$zUnited States 606 $aAcademic achievement$zUnited States 606 $aMotivation in education$zUnited States 608 $aElectronic books. 615 0$aPoor children$xEducation 615 0$aAcademic achievement 615 0$aMotivation in education 676 $a371.826/94 700 $aJensen$b Eric$f1950-$0623404 801 0$bMiAaPQ 801 1$bMiAaPQ 801 2$bMiAaPQ 906 $aBOOK 912 $a9910452390203321 996 $aEngaging students with poverty in mind$92077578 997 $aUNINA LEADER 01149nam 2200361 450 001 9910317690903321 005 20221017223509.0 010 $a953-51-5083-9 010 $a953-51-2681-4 035 $a(CKB)4970000000099175 035 $a(NjHacI)994970000000099175 035 $a(EXLCZ)994970000000099175 100 $a20221017d2016 uy 0 101 0 $aeng 135 $aur||||||||||| 181 $ctxt$2rdacontent 182 $cc$2rdamedia 183 $acr$2rdacarrier 200 00$aApplications of molecular spectroscopy to current research in the chemical and biological sciences /$fedited by Mark T. Stauffer 210 1$aRijeka, Croatia :$cIntechOpen,$d[2016] 210 4$dİ2016 215 $a1 online resource (440 pages) 311 $a953-51-2680-6 606 $aMolecular spectroscopy 615 0$aMolecular spectroscopy. 676 $a539.6 702 $aStauffer$b Mark T.$f1957- 801 0$bNjHacI 801 1$bNjHacl 906 $aBOOK 912 $a9910317690903321 996 $aApplications of Molecular Spectroscopy to Current Research in the Chemical and Biological Sciences$92176509 997 $aUNINA